[Event "6th Ferdowsi International Chess Open Tournament"]
[Site "Mashhad"]
[Date "2016.01.29"]
[Round "1"]
[Board "12"]
[White "Ekrami, Kourosh"]
[Black "Rasulov, Vugar"]
[Result "0-1"]
[WhiteElo "1479"]
[BlackElo "2493"]
[PlyCount "0"]
[EventDate "2016.01.29"]
[EventRounds "9"]
[EventCountry "IRI"]

1. e4 {[%clk 1:30:57]} c5 {[%clk 1:30:34]} 2. Nc3 {[%clk 1:30:25]} Nc6
{[%clk 1:30:46]} 3. Bc4 {[%clk 1:29:47]} d6 {[%clk 1:30:06]} 4. Nf3
{[%clk 1:29:02]} Nf6 {[%clk 1:30:08]} 5. d4 {[%clk 1:27:16]} cxd4
{[%clk 1:30:16]} 6. Nxd4 {[%clk 1:27:32]} Qb6 {[%clk 1:29:58]} 7. Nb3
{[%clk 1:26:46]} e6 {[%clk 1:30:18]} 8. O-O {[%clk 1:25:52]} Be7 {[%clk 1:30:25]}
9. Kh1 {[%clk 1:23:52]} O-O {[%clk 1:30:35]} 10. f4 {[%clk 1:22:28]} a6
{[%clk 1:30:50]} 11. Qf3 {[%clk 1:20:48]} Qc7 {[%clk 1:31:17]} 12. Bd3
{[%clk 1:17:43]} Nb4 {[%clk 1:29:10]} 13. Bd2 {[%clk 1:14:47]} Nxd3
{[%clk 1:28:59]} 14. cxd3 {[%clk 1:13:28]} b5 {[%clk 1:24:18]} 15. Rac1
{[%clk 1:11:24]} Qd7 {[%clk 1:24:40]} 16. Qg3 {[%clk 1:06:12]} b4
{[%clk 1:22:38]} 17. Ne2 {[%clk 1:02:27]} a5 {[%clk 1:22:56]} 18. f5
{[%clk 0:58:02]} Kh8 {[%clk 1:21:37]} 19. fxe6 {[%clk 0:52:11]} fxe6
{[%clk 1:22:01]} 20. Nbd4 {[%clk 0:49:20]} e5 {[%clk 1:18:12]} 21. Nf5
{[%clk 0:41:54]} Bd8 {[%clk 1:17:31]} 22. Ng1 {[%clk 0:38:09]} Ba6
{[%clk 1:16:17]} 23. Rf3 {[%clk 0:35:34]} Bb6 {[%clk 1:14:29]} 24. Nh3
{[%clk 0:33:34]} d5 {[%clk 1:13:16]} 25. Bg5 {[%clk 0:28:48]} Nxe4
{[%clk 1:11:20]} 26. Qxe5 {[%clk 0:27:17]} Bxd3 {[%clk 1:08:08]} 27. Bh6
{[%clk 0:23:15]} Nf2+ {[%clk 1:05:18]} 28. Nxf2 {[%clk 0:21:47]} Bxf5
{[%clk 1:03:58]} 29. Rc6 {[%clk 0:19:53]} Rfe8 {[%clk 1:02:42]} 30. Qxg7+
{[%clk 0:17:54]} Qxg7 {[%clk 1:03:07]} 31. Bxg7+ {[%clk 0:18:16]} Kxg7
{[%clk 1:03:34]} 32. h3 {[%clk 0:17:52]} Bxf2 {[%clk 1:03:54]} 33. Rxf5
{[%clk 0:17:06]} Re1+ {[%clk 1:04:15]} 34. Kh2 {[%clk 0:17:16]} Bd4
{[%clk 1:04:39]} 35. Rg5+ {[%clk 0:16:29]} Kh8 {[%clk 1:05:02]} 36. Rc7
{[%clk 0:15:50]} Be5+ {[%clk 1:05:24]} 0-1

[Event "6th Ferdowsi International Chess Open Tournament"]
[Site "Mashhad"]
[Date "2016.01.30"]
[Round "2"]
[Board "1"]
[White "Sakhtkar, Milad"]
[Black "Guseinov, Gadir"]
[Result "0-1"]
[WhiteElo "1917"]
[BlackElo "2646"]
[PlyCount "0"]
[EventDate "2016.01.29"]
[EventRounds "9"]
[EventCountry "IRI"]

1. e4 {[%clk 1:30:56]} c5 {[%clk 1:26:30]} 2. d4 {[%clk 1:30:09]} cxd4
{[%clk 1:26:35]} 3. c3 {[%clk 1:30:08]} Nf6 {[%clk 1:26:15]} 4. e5
{[%clk 1:30:01]} Nd5 {[%clk 1:26:38]} 5. Nf3 {[%clk 1:29:49]} Nc6
{[%clk 1:26:46]} 6. Bc4 {[%clk 1:29:01]} Nb6 {[%clk 1:21:34]} 7. Bb3
{[%clk 1:28:12]} d5 {[%clk 1:20:36]} 8. exd6 {[%clk 1:27:20]} Qxd6
{[%clk 1:20:36]} 9. O-O {[%clk 1:25:21]} Be6 {[%clk 1:10:57]} 10. Bxe6
{[%clk 1:21:10]} Qxe6 {[%clk 1:11:14]} 11. Nxd4 {[%clk 1:17:24]} Nxd4
{[%clk 1:11:10]} 12. Qxd4 {[%clk 1:17:14]} Rd8 {[%clk 1:11:32]} 13. Qh4
{[%clk 0:56:43]} Qe2 {[%clk 1:06:55]} 14. Nd2 {[%clk 0:51:57]} e6
{[%clk 1:06:39]} 15. Nf3 {[%clk 0:38:44]} Be7 {[%clk 1:05:18]} 16. Qg3
{[%clk 0:38:37]} O-O {[%clk 1:03:45]} 17. Nd4 {[%clk 0:36:09]} Qh5
{[%clk 1:01:47]} 18. Qf3 {[%clk 0:34:07]} Qxf3 {[%clk 0:59:31]} 19. Nxf3
{[%clk 0:34:34]} Bc5 {[%clk 0:58:30]} 20. Bf4 {[%clk 0:28:44]} Na4
{[%clk 0:58:00]} 21. Rab1 {[%clk 0:26:03]} f6 {[%clk 0:58:23]} 22. Rfe1
{[%clk 0:25:01]} e5 {[%clk 0:58:48]} 23. Be3 {[%clk 0:24:08]} Bxe3
{[%clk 0:59:10]} 24. Rxe3 {[%clk 0:24:12]} Rd6 {[%clk 0:59:36]} 25. Kf1
{[%clk 0:23:02]} Rfd8 {[%clk 0:59:49]} 26. Ke1 {[%clk 0:21:38]} Kf7
{[%clk 0:59:56]} 27. Re2 {[%clk 0:21:29]} Nc5 {[%clk 0:57:03]} 28. g3
{[%clk 0:19:14]} Ra6 {[%clk 0:56:22]} 29. b3 {[%clk 0:18:49]} Rd3
{[%clk 0:56:33]} 30. Rxe5 {[%clk 0:06:01]} fxe5 {[%clk 0:56:31]} 31. Nxe5+
{[%clk 0:06:30]} Kf6 {[%clk 0:56:38]} 32. Nxd3 {[%clk 0:06:41]} Nxd3+
{[%clk 0:57:03]} 33. Ke2 {[%clk 0:06:56]} Nc5 {[%clk 0:57:30]} 34. Rb2
{[%clk 0:06:34]} g5 {[%clk 0:57:51]} 35. f3 {[%clk 0:05:55]} Re6+
{[%clk 0:58:08]} 36. Kd2 {[%clk 0:06:02]} h5 {[%clk 0:58:32]} 37. Rb1
{[%clk 0:05:08]} g4 {[%clk 0:58:51]} 38. b4 {[%clk 0:04:27]} Nd7 {[%clk 0:59:15]}
39. f4 {[%clk 0:03:53]} b5 {[%clk 0:59:32]} 40. a4 {[%clk 0:03:10]} bxa4
{[%clk 0:59:56]} 41. c4 {[%clk 0:03:27]} a3 {[%clk 1:00:14]} 42. Ra1
{[%clk 0:03:03]} Ra6 {[%clk 1:00:29]} 43. Ra2 {[%clk 0:03:06]} Ra4
{[%clk 1:00:47]} 44. Kc3 {[%clk 0:02:58]} a5 {[%clk 1:01:12]} 45. b5
{[%clk 0:02:22]} Nb6 {[%clk 1:01:31]} 46. Kb3 {[%clk 0:01:13]} Rb4+
{[%clk 1:01:53]} 47. Kc3 {[%clk 0:01:26]} Rxc4+ {[%clk 1:02:16]} 48. Kd3
{[%clk 0:01:43]} Ra4 {[%clk 1:02:38]} 49. Kc3 {[%clk 0:01:43]} Nd5+
{[%clk 1:03:03]} 50. Kb3 {[%clk 0:01:41]} Rb4+ {[%clk 1:03:29]} 51. Kxa3
{[%clk 0:01:25]} Nc3 {[%clk 1:03:58]} 52. Rc2 {[%clk 0:01:13]} Nxb5+
{[%clk 1:04:27]} 53. Ka2 {[%clk 0:01:41]} a4 {[%clk 1:04:48]} 54. Rc5
{[%clk 0:01:14]} Rb3 {[%clk 1:05:10]} 55. Rc1 {[%clk 0:00:42]} Nc3+
{[%clk 1:05:39]} 56. Ka1 {[%clk 0:00:57]} a3 {[%clk 1:06:08]} 57. h3
{[%clk 0:00:32]} a2 {[%clk 1:06:25]} 0-1

[Event "6th Ferdowsi International Chess Open Tournament"]
[Site "Mashhad"]
[Date "2016.01.30"]
[Round "2"]
[Board "2"]
[White "Tiviakov, Sergei"]
[Black "Hejrati, Mohammad Mahdi"]
[Result "1-0"]
[WhiteElo "2611"]
[BlackElo "1967"]
[PlyCount "0"]
[EventDate "2016.01.29"]
[EventRounds "9"]
[EventCountry "IRI"]

1. e4 {[%clk 1:25:48]} c5 {[%clk 1:30:42]} 2. c3 {[%clk 1:26:04]} Nf6
{[%clk 1:30:42]} 3. e5 {[%clk 1:26:26]} Nd5 {[%clk 1:30:52]} 4. Nf3
{[%clk 1:26:49]} d6 {[%clk 1:30:38]} 5. exd6 {[%clk 1:25:53]} Qxd6
{[%clk 1:29:43]} 6. d4 {[%clk 1:26:17]} cxd4 {[%clk 1:27:38]} 7. Nxd4
{[%clk 1:26:38]} a6 {[%clk 1:20:18]} 8. Be2 {[%clk 1:25:49]} e6 {[%clk 1:20:16]}
9. O-O {[%clk 1:26:12]} Be7 {[%clk 1:20:24]} 10. Bf3 {[%clk 1:26:28]} O-O
{[%clk 1:20:21]} 11. Re1 {[%clk 1:18:28]} Bf6 {[%clk 1:08:14]} 12. Nf5
{[%clk 1:14:02]} exf5 {[%clk 1:06:48]} 13. Bxd5 {[%clk 1:14:09]} Rd8
{[%clk 1:04:14]} 14. Qb3 {[%clk 1:13:54]} Qc7 {[%clk 0:55:58]} 15. Be3
{[%clk 1:13:30]} Re8 {[%clk 0:51:05]} 16. Nd2 {[%clk 1:13:18]} Qe7
{[%clk 0:37:41]} 17. Nf3 {[%clk 1:12:47]} Be6 {[%clk 0:35:37]} 18. Qxb7
{[%clk 1:12:43]} Nd7 {[%clk 0:35:34]} 19. Bf4 {[%clk 1:09:22]} Rad8
{[%clk 0:23:24]} 20. Bxe6 {[%clk 1:04:57]} fxe6 {[%clk 0:23:42]} 21. Nd4
{[%clk 1:04:48]} Bxd4 {[%clk 0:21:11]} 22. cxd4 {[%clk 1:05:15]} g5
{[%clk 0:20:28]} 23. Bd2 {[%clk 1:05:02]} Rb8 {[%clk 0:20:44]} 24. Qxa6
{[%clk 1:05:25]} Rxb2 {[%clk 0:21:02]} 25. Qa5 {[%clk 1:04:00]} Qd6
{[%clk 0:20:30]} 26. Qc3 {[%clk 1:00:12]} Rb5 {[%clk 0:15:16]} 27. Bxg5
{[%clk 1:00:35]} f4 {[%clk 0:15:12]} 28. h4 {[%clk 1:01:00]} Rd5 {[%clk 0:14:51]}
29. Re4 {[%clk 1:01:20]} h6 {[%clk 0:12:48]} 30. Bxf4 {[%clk 1:01:41]} Qf8
{[%clk 0:09:29]} 31. Rae1 {[%clk 1:02:04]} Qf6 {[%clk 0:09:17]} 32. Bg3
{[%clk 1:02:00]} Qf5 {[%clk 0:07:03]} 33. Qc6 {[%clk 1:02:05]} Nf6
{[%clk 0:03:45]} 34. Rf4 {[%clk 1:02:29]} 1-0

[Event "6th Ferdowsi International Chess Open Tournament"]
[Site "Mashhad"]
[Date "2016.01.30"]
[Round "2"]
[Board "3"]
[White "Taghavi, Amir Abbas"]
[Black "Grigoryan, Karen H."]
[Result "0-1"]
[WhiteElo "1887"]
[BlackElo "2602"]
[PlyCount "0"]
[EventDate "2016.01.29"]
[EventRounds "9"]
[EventCountry "IRI"]

1. Nf3 {[%clk 1:28:41]} d5 {[%clk 1:30:34]} 2. d4 {[%clk 1:29:06]} Nf6
{[%clk 1:30:45]} 3. c4 {[%clk 1:29:24]} e6 {[%clk 1:30:40]} 4. Nc3
{[%clk 1:29:31]} Bb4 {[%clk 1:30:56]} 5. e3 {[%clk 1:29:29]} O-O {[%clk 1:31:16]}
6. Bd3 {[%clk 1:26:23]} c5 {[%clk 1:31:12]} 7. a3 {[%clk 1:24:02]} Bxc3+
{[%clk 1:31:34]} 8. bxc3 {[%clk 1:24:27]} dxc4 {[%clk 1:31:35]} 9. Bxc4
{[%clk 1:24:36]} Qc7 {[%clk 1:31:57]} 10. Qe2 {[%clk 1:23:01]} cxd4
{[%clk 1:31:47]} 11. cxd4 {[%clk 1:23:21]} b5 {[%clk 1:31:48]} 12. Bxb5
{[%clk 1:20:48]} Qc3+ {[%clk 1:32:08]} 13. Qd2 {[%clk 1:21:12]} Qxa1
{[%clk 1:32:23]} 14. O-O {[%clk 1:21:34]} Qb1 {[%clk 1:31:58]} 15. a4
{[%clk 1:20:22]} Qb3 {[%clk 1:31:33]} 16. Bb2 {[%clk 1:15:35]} Ba6
{[%clk 1:31:45]} 17. Bxa6 {[%clk 1:11:17]} Nxa6 {[%clk 1:32:08]} 18. Bc3
{[%clk 1:10:12]} Rac8 {[%clk 1:32:08]} 19. Ba5 {[%clk 1:10:08]} Qxa4
{[%clk 1:32:02]} 20. Rb1 {[%clk 1:09:32]} Rc2 {[%clk 1:32:01]} 21. Qd1
{[%clk 1:09:23]} Ra2 {[%clk 1:32:22]} 22. Be1 {[%clk 1:08:26]} Qxd1
{[%clk 1:32:40]} 23. Rxd1 {[%clk 1:08:46]} Rb8 {[%clk 1:32:51]} 24. Rc1
{[%clk 1:08:59]} Rab2 {[%clk 1:32:51]} 25. Ra1 {[%clk 1:09:03]} Nb4
{[%clk 1:33:06]} 26. Rxa7 {[%clk 1:07:39]} Nd3 {[%clk 1:33:27]} 27. Ra1
{[%clk 1:07:56]} Ne4 {[%clk 1:33:42]} 0-1

[Event "6th Ferdowsi International Chess Open Tournament"]
[Site "Mashhad"]
[Date "2016.01.30"]
[Round "2"]
[Board "4"]
[White "Ghaem Maghami, Ehsan"]
[Black "Tafakori, Mohammad Reza"]
[Result "1-0"]
[WhiteElo "2594"]
[BlackElo "1940"]
[PlyCount "0"]
[EventDate "2016.01.29"]
[EventRounds "9"]
[EventCountry "IRI"]

1. c4 {[%clk 1:24:49]} Nf6 {[%clk 1:30:45]} 2. Nc3 {[%clk 1:25:08]} g6
{[%clk 1:30:22]} 3. e4 {[%clk 1:25:14]} d6 {[%clk 1:30:19]} 4. d4
{[%clk 1:25:35]} Bg7 {[%clk 1:30:37]} 5. Nge2 {[%clk 1:25:41]} O-O
{[%clk 1:27:24]} 6. Ng3 {[%clk 1:25:08]} e5 {[%clk 1:26:59]} 7. d5
{[%clk 1:25:30]} Na6 {[%clk 1:19:14]} 8. Be2 {[%clk 1:24:43]} c5 {[%clk 1:11:09]}
9. h4 {[%clk 1:23:23]} h5 {[%clk 1:10:44]} 10. Bg5 {[%clk 1:23:44]} Qd7
{[%clk 1:06:06]} 11. Qd2 {[%clk 1:23:48]} Nc7 {[%clk 1:01:15]} 12. a3
{[%clk 1:19:59]} a6 {[%clk 0:59:57]} 13. b4 {[%clk 1:20:15]} b5 {[%clk 0:58:06]}
14. bxc5 {[%clk 1:19:57]} dxc5 {[%clk 0:58:27]} 15. Be3 {[%clk 1:19:53]} Rd8
{[%clk 0:48:29]} 16. cxb5 {[%clk 1:14:41]} axb5 {[%clk 0:43:21]} 17. Bxc5
{[%clk 1:14:36]} Rb8 {[%clk 0:41:57]} 18. Be3 {[%clk 1:09:19]} Ba6
{[%clk 0:34:45]} 19. Na2 {[%clk 1:06:17]} Ng4 {[%clk 0:28:16]} 20. Bxg4
{[%clk 1:03:12]} Qxg4 {[%clk 0:28:22]} 21. Nb4 {[%clk 1:02:10]} f5
{[%clk 0:26:58]} 22. Rc1 {[%clk 0:57:23]} Rd7 {[%clk 0:22:14]} 23. Rxc7
{[%clk 0:57:06]} f4 {[%clk 0:18:19]} 24. Nxa6 {[%clk 0:55:32]} Ra8
{[%clk 0:16:06]} 25. Qe2 {[%clk 0:49:25]} Rxc7 {[%clk 0:10:39]} 26. Qxg4
{[%clk 0:48:59]} hxg4 {[%clk 0:10:42]} 27. Nxc7 {[%clk 0:49:22]} Rxa3
{[%clk 0:10:46]} 28. Ne6 {[%clk 0:44:15]} fxg3 {[%clk 0:08:57]} 29. O-O
{[%clk 0:44:21]} 1-0

[Event "6th Ferdowsi International Chess Open Tournament"]
[Site "Mashhad"]
[Date "2016.01.30"]
[Round "2"]
[Board "5"]
[White "Choopani, Morteza"]
[Black "Gabuzyan, Hovhannes"]
[Result "0-1"]
[WhiteElo "1841"]
[BlackElo "2585"]
[PlyCount "0"]
[EventDate "2016.01.29"]
[EventRounds "9"]
[EventCountry "IRI"]

1. c4 {[%clk 1:30:57]} e5 {[%clk 1:30:56]} 2. Nc3 {[%clk 1:31:20]} Bb4
{[%clk 1:31:20]} 3. Nf3 {[%clk 1:27:26]} Bxc3 {[%clk 1:31:45]} 4. bxc3
{[%clk 1:25:38]} e4 {[%clk 1:32:10]} 5. Nd4 {[%clk 1:25:23]} Nf6 {[%clk 1:32:35]}
6. g3 {[%clk 1:21:26]} O-O {[%clk 1:32:59]} 7. Bg2 {[%clk 1:21:36]} Re8
{[%clk 1:33:22]} 8. O-O {[%clk 1:21:14]} d5 {[%clk 1:32:37]} 9. cxd5
{[%clk 1:20:55]} Nxd5 {[%clk 1:33:01]} 10. Qc2 {[%clk 1:15:00]} Nf6
{[%clk 1:32:31]} 11. f3 {[%clk 1:11:51]} c5 {[%clk 1:31:13]} 12. Nb3
{[%clk 1:08:23]} exf3 {[%clk 1:31:39]} 13. Bxf3 {[%clk 1:02:44]} Bh3
{[%clk 1:32:06]} 14. Rf2 {[%clk 0:54:20]} Nbd7 {[%clk 1:32:24]} 15. Ba3
{[%clk 0:50:15]} b6 {[%clk 1:32:26]} 16. d4 {[%clk 0:34:18]} Rc8 {[%clk 1:32:49]}
17. dxc5 {[%clk 0:29:25]} bxc5 {[%clk 1:33:14]} 18. Rd1 {[%clk 0:29:21]} Qb6
{[%clk 1:33:25]} 19. Bc1 {[%clk 0:26:22]} Ne5 {[%clk 1:32:29]} 20. Bf4
{[%clk 0:23:54]} Neg4 {[%clk 1:32:37]} 21. Rd6 {[%clk 0:23:17]} Qb5
{[%clk 1:32:56]} 22. c4 {[%clk 0:22:03]} Qa4 {[%clk 1:32:46]} 23. Bb7
{[%clk 0:20:23]} Qb4 {[%clk 1:32:51]} 24. Bg2 {[%clk 0:18:34]} Bxg2
{[%clk 1:33:11]} 25. Kxg2 {[%clk 0:17:02]} Nxf2 {[%clk 1:33:36]} 26. Kxf2
{[%clk 0:17:08]} Ne4+ {[%clk 1:34:02]} 27. Kf1 {[%clk 0:16:06]} Nxd6
{[%clk 1:34:26]} 28. Bxd6 {[%clk 0:16:29]} Rcd8 {[%clk 1:34:50]} 29. Bxc5
{[%clk 0:16:22]} Qb7 {[%clk 1:35:17]} 30. Bg1 {[%clk 0:15:13]} Re6
{[%clk 1:35:31]} 31. Nd2 {[%clk 0:09:37]} Rxd2 {[%clk 1:35:54]} 32. Qxd2
{[%clk 0:09:58]} Rf6+ {[%clk 1:36:22]} 33. Ke1 {[%clk 0:09:45]} Qb1+
{[%clk 1:36:48]} 0-1

[Event "6th Ferdowsi International Chess Open Tournament"]
[Site "Mashhad"]
[Date "2016.01.30"]
[Round "2"]
[Board "6"]
[White "Maletin, Pavel"]
[Black "Mousavi Ghods, Hossein"]
[Result "1-0"]
[WhiteElo "2580"]
[BlackElo "1922"]
[PlyCount "0"]
[EventDate "2016.01.29"]
[EventRounds "9"]
[EventCountry "IRI"]

1. Nf3 {[%clk 1:22:05]} d5 {[%clk 1:30:42]} 2. g3 {[%clk 1:22:30]} Nf6
{[%clk 1:31:02]} 3. Bg2 {[%clk 1:22:53]} e6 {[%clk 1:31:24]} 4. O-O
{[%clk 1:23:12]} Be7 {[%clk 1:31:46]} 5. c4 {[%clk 1:23:39]} O-O {[%clk 1:32:07]}
6. d4 {[%clk 1:24:06]} b6 {[%clk 1:32:00]} 7. cxd5 {[%clk 1:24:21]} exd5
{[%clk 1:32:16]} 8. Nc3 {[%clk 1:24:46]} Bb7 {[%clk 1:25:24]} 9. Qc2
{[%clk 1:25:04]} Nbd7 {[%clk 1:24:32]} 10. Bf4 {[%clk 1:25:24]} Nh5
{[%clk 1:22:03]} 11. Be3 {[%clk 1:21:27]} c6 {[%clk 1:16:38]} 12. Rad1
{[%clk 1:20:46]} f5 {[%clk 1:15:06]} 13. Ne5 {[%clk 1:18:01]} Nxe5
{[%clk 1:13:52]} 14. dxe5 {[%clk 1:18:23]} f4 {[%clk 1:12:17]} 15. Bc1
{[%clk 1:18:26]} fxg3 {[%clk 1:10:08]} 16. hxg3 {[%clk 1:18:51]} Qc7
{[%clk 1:05:38]} 17. Nxd5 {[%clk 1:11:46]} Qxe5 {[%clk 1:05:35]} 18. Bf4
{[%clk 1:11:28]} Nxf4 {[%clk 1:03:27]} 19. gxf4 {[%clk 1:10:36]} Rxf4
{[%clk 1:03:45]} 20. Nxf4 {[%clk 1:11:01]} Qxf4 {[%clk 1:04:12]} 21. Rd7
{[%clk 1:10:14]} Bd6 {[%clk 1:02:59]} 22. Qb3+ {[%clk 1:10:27]} Kh8
{[%clk 1:03:09]} 23. Rd1 {[%clk 1:10:34]} 1-0

[Event "6th Ferdowsi International Chess Open Tournament"]
[Site "Mashhad"]
[Date "2016.01.30"]
[Round "2"]
[Board "7"]
[White "Hamedi Nia, Vesal"]
[Black "Bocharov, Dmitry"]
[Result "0-1"]
[WhiteElo "1833"]
[BlackElo "2567"]
[PlyCount "0"]
[EventDate "2016.01.29"]
[EventRounds "9"]
[EventCountry "IRI"]

1. d4 {[%clk 1:30:01]} Nf6 {[%clk 1:25:29]} 2. c4 {[%clk 1:29:20]} e6
{[%clk 1:25:40]} 3. Nc3 {[%clk 1:29:31]} Bb4 {[%clk 1:25:53]} 4. Qc2
{[%clk 1:29:33]} O-O {[%clk 1:25:20]} 5. Nf3 {[%clk 1:28:56]} c5 {[%clk 1:24:56]}
6. e3 {[%clk 1:26:31]} d5 {[%clk 1:24:00]} 7. Bd2 {[%clk 1:24:13]} cxd4
{[%clk 1:23:43]} 8. Nxd4 {[%clk 1:23:49]} e5 {[%clk 1:23:18]} 9. Nf3
{[%clk 1:22:03]} d4 {[%clk 1:22:06]} 10. Nd1 {[%clk 1:17:28]} Nc6
{[%clk 1:20:59]} 11. Bxb4 {[%clk 1:14:43]} Nxb4 {[%clk 1:21:17]} 12. Qd2
{[%clk 1:14:31]} Qa5 {[%clk 1:20:38]} 13. Nc3 {[%clk 1:00:18]} dxc3
{[%clk 1:20:10]} 14. bxc3 {[%clk 1:00:34]} Nc6 {[%clk 1:19:57]} 15. Qc2
{[%clk 0:59:40]} Bf5 {[%clk 1:19:47]} 16. Qb2 {[%clk 0:59:05]} Ne4
{[%clk 1:19:12]} 17. Rc1 {[%clk 0:59:03]} Nc5 {[%clk 1:19:25]} 18. Be2
{[%clk 0:55:36]} Nd3+ {[%clk 1:18:33]} 19. Bxd3 {[%clk 0:55:55]} Bxd3
{[%clk 1:18:55]} 20. Nd2 {[%clk 0:54:43]} Rfd8 {[%clk 1:18:50]} 21. Nb3
{[%clk 0:49:12]} Qa6 {[%clk 1:18:27]} 22. c5 {[%clk 0:48:44]} e4 {[%clk 1:18:31]}
 0-1

[Event "6th Ferdowsi International Chess Open Tournament"]
[Site "Mashhad"]
[Date "2016.01.30"]
[Round "2"]
[Board "8"]
[White "Zubarev, Alexander"]
[Black "Poormosavi, Seyed Kian"]
[Result "1-0"]
[WhiteElo "2553"]
[BlackElo "1904"]
[PlyCount "0"]
[EventDate "2016.01.29"]
[EventRounds "9"]
[EventCountry "IRI"]

1. e4 {[%clk 1:29:51]} c5 {[%clk 1:29:29]} 2. Nf3 {[%clk 1:29:53]} Nc6
{[%clk 1:29:09]} 3. c3 {[%clk 1:29:50]} Nf6 {[%clk 1:28:31]} 4. e5
{[%clk 1:30:13]} Nd5 {[%clk 1:28:10]} 5. Bc4 {[%clk 1:30:38]} Nb6
{[%clk 1:20:47]} 6. Bb3 {[%clk 1:31:03]} d6 {[%clk 1:14:24]} 7. exd6
{[%clk 1:27:21]} Qxd6 {[%clk 1:09:45]} 8. d4 {[%clk 1:24:18]} cxd4
{[%clk 1:06:47]} 9. O-O {[%clk 1:24:33]} g6 {[%clk 1:03:39]} 10. cxd4
{[%clk 1:19:00]} Bg7 {[%clk 1:03:02]} 11. d5 {[%clk 1:18:31]} Na5
{[%clk 0:55:43]} 12. Nc3 {[%clk 1:18:23]} O-O {[%clk 0:55:52]} 13. Bg5
{[%clk 1:11:25]} Bg4 {[%clk 0:46:36]} 14. h3 {[%clk 1:06:15]} Bxf3
{[%clk 0:41:29]} 15. Qxf3 {[%clk 1:06:04]} Nxb3 {[%clk 0:41:50]} 16. axb3
{[%clk 1:06:12]} a6 {[%clk 0:42:13]} 17. Rfe1 {[%clk 1:04:14]} Rfe8
{[%clk 0:40:25]} 18. Rad1 {[%clk 1:02:41]} h6 {[%clk 0:39:52]} 19. Bf4
{[%clk 1:00:28]} Qb4 {[%clk 0:39:00]} 20. Be5 {[%clk 0:56:36]} Nc8
{[%clk 0:29:51]} 21. Bxg7 {[%clk 0:52:42]} Kxg7 {[%clk 0:30:12]} 22. d6
{[%clk 0:52:37]} Nxd6 {[%clk 0:24:08]} 23. Nd5 {[%clk 0:52:53]} Qa5
{[%clk 0:22:26]} 24. b4 {[%clk 0:52:32]} Qd8 {[%clk 0:11:41]} 25. Rxe7
{[%clk 0:51:06]} Rc8 {[%clk 0:05:45]} 26. Qf6+ {[%clk 0:50:42]} Kg8
{[%clk 0:05:34]} 27. Rxe8+ {[%clk 0:50:57]} Nxe8 {[%clk 0:05:35]} 28. Ne7+
{[%clk 0:51:09]} 1-0

[Event "6th Ferdowsi International Chess Open Tournament"]
[Site "Mashhad"]
[Date "2016.01.30"]
[Round "2"]
[Board "9"]
[White "Jabbar, Raheem B. Alamir"]
[Black "Gagunashvili, Merab"]
[Result "0-1"]
[WhiteElo "1823"]
[BlackElo "2541"]
[PlyCount "0"]
[EventDate "2016.01.29"]
[EventRounds "9"]
[EventCountry "IRI"]

1. d4 {[%clk 1:25:05]} Nf6 {[%clk 1:30:51]} 2. Nf3 {[%clk 1:25:29]} c5
{[%clk 1:31:13]} 3. d5 {[%clk 1:25:54]} b5 {[%clk 1:31:26]} 4. c4
{[%clk 1:25:59]} Bb7 {[%clk 1:29:35]} 5. cxb5 {[%clk 1:25:54]} Bxd5
{[%clk 1:29:34]} 6. Nc3 {[%clk 1:25:23]} Bb7 {[%clk 1:30:01]} 7. Bf4
{[%clk 1:23:10]} g6 {[%clk 1:29:50]} 8. Be5 {[%clk 1:21:57]} Bg7 {[%clk 1:30:11]}
9. e4 {[%clk 1:20:31]} d6 {[%clk 1:30:11]} 10. Bxf6 {[%clk 1:20:53]} Bxf6
{[%clk 1:30:38]} 11. Bd3 {[%clk 1:21:12]} O-O {[%clk 1:30:58]} 12. O-O
{[%clk 1:20:58]} a6 {[%clk 1:31:24]} 13. Qc2 {[%clk 1:20:26]} axb5
{[%clk 1:31:35]} 14. Bxb5 {[%clk 1:19:48]} Nc6 {[%clk 1:31:38]} 15. Bxc6
{[%clk 1:18:49]} Bxc6 {[%clk 1:32:02]} 16. Rfe1 {[%clk 1:18:22]} Bg7
{[%clk 1:32:08]} 17. Rad1 {[%clk 1:17:22]} Qa5 {[%clk 1:32:24]} 18. Ra1
{[%clk 1:13:52]} Rfb8 {[%clk 1:32:40]} 19. Reb1 {[%clk 1:06:20]} Rxb2
{[%clk 1:32:29]} 20. Qxb2 {[%clk 1:01:46]} Bxc3 {[%clk 1:32:52]} 21. Qb6
{[%clk 1:02:10]} Qxb6 {[%clk 1:33:01]} 22. Rxb6 {[%clk 1:02:37]} Bxa1
{[%clk 1:33:23]} 23. Rxc6 {[%clk 1:02:57]} Rxa2 {[%clk 1:33:45]} 24. g3
{[%clk 1:02:30]} Re2 {[%clk 1:34:04]} 25. Rc8+ {[%clk 1:01:10]} Kg7
{[%clk 1:34:30]} 26. Rc7 {[%clk 1:01:25]} Rxe4 {[%clk 1:34:53]} 27. Ng5
{[%clk 1:01:42]} Re1+ {[%clk 1:35:10]} 28. Kg2 {[%clk 1:01:48]} Bf6
{[%clk 1:35:37]} 29. Nf3 Rc1 30. g4 {[%clk 1:01:47]} g5 {[%clk 1:35:58]} 31. h4
{[%clk 1:01:28]} h6 {[%clk 1:36:24]} 32. hxg5 {[%clk 1:01:05]} hxg5
{[%clk 1:36:49]} 33. Nd2 {[%clk 1:01:26]} Rc2 {[%clk 1:35:46]} 34. Ne4
{[%clk 1:01:45]} c4 {[%clk 1:36:09]} 35. Kf3 {[%clk 1:01:07]} d5 {[%clk 1:36:27]}
36. Ng3 {[%clk 1:01:29]} Kg6 {[%clk 1:36:24]} 37. Nf5 {[%clk 1:01:34]} e6
{[%clk 1:36:41]} 38. Nd6 {[%clk 0:57:44]} Bd4 0-1